000
00352nam a2200133 a 4500
005
20140414131857.0
008
100827s19uu xx 00 eng d
050
_a
FIL
_b
H86 2001
100
_a
Reynante, Richard
245
_a
Ang huling puno :
_b
The last tree.
260
_a
Manila, Philippines :
_b
Lampara,
_c
2001.
999
_c
110493
_d
110493